| 000 | 004390000a22001690004500 | ||
|---|---|---|---|
| 003 | MACL | ||
| 005 | 20151230145948.0 | ||
| 008 | 151230b xxu||||| |||| 00| 0 eng d | ||
| 040 |
_aMACL _cMACL |
||
| 041 | _aEnglish | ||
| 082 | _a320.509/BAK | ||
| 100 |
_aBakshi, S.R. _91645 |
||
| 245 | _aNehru and his Political Ideology | ||
| 260 |
_bCriterion Publication _c1988 |
||
| 650 |
_aPolitical Science _924999 |
||
| 942 |
_cBK _k320.509/BAK _2ddc |
||
| 999 |
_c37982 _d37982 |
||